• 首页
  • 本馆介绍
  • 公告通知
  • 最新文献
  • 馆藏检索
  • 电子资源
  • 读者导购
  • 参考咨询
  • 我的图书馆
  • 登录
  • 详细信息显示
  • 放入我的书架
  • 预约/预借图书
  • 作者相关作品
  • 分类相关作品
  • 丛书相关作品
  • 出版社相关作品

书目信息

  • 表格格式
  • 工作单格式
  • 卡片格式
题名:
全彩精绘本《本草纲目》
    
 
作者: 马洪莲 编著
分册:  
出版信息: 天津   天津科学技术出版社  2014.01
页数: 285页
开本: 26cm
丛书名:
单 册:
中图分类: R281.3
科图分类:
主题词:
电子资源:
ISBN: 978-7-5308-8522-2
000 01042nam0 2200277 450
001 0120141245946
005 20140610085313.78
010    @a978-7-5308-8522-2@b精装@dCNY29.80
100    @a20140308d2014 em y0chiy0110 ea
101 0  @achi
102    @aCN@b120000
105    @aack z 000yy
106    @ar
200 1  @a全彩精绘本《本草纲目》@9quan cai jing hui ben 《 ben cao gang mu 》@f马洪莲编著
210    @a天津@c天津科学技术出版社@d2014.01
215    @a285页@c图,画像@d26cm
300    @a中国家庭必备工具书
330    @a本书以常用、常见的原则,精心挑选了120多种中草药材,每种药材从功效、释名、药用部分、形态特征、成品选鉴、实用妙方和中药趣味文化等10个方面进行介绍,并配以珍贵的古图、彩图和纯实物照片。
333    @a中医爱好者
512 1  @a全彩精绘本《本草纲目》@9quan cai jing hui ben 《 ben cao gang mu 》@e超值全彩白金版
605    @a《本草纲目》@j通俗读物
605    @a《本草纲目》
690    @aR281.3@v5
701  0 @a马洪莲@9ma hong lian@4编著
801  0 @aCN@b人天书店@c20140308
905    @b847167-70@dR281.3@e314@f4
    
    全彩精绘本《本草纲目》/马洪莲编著.-天津:天津科学技术出版社,2014.01
    285页:图,画像;26cm
    中国家庭必备工具书.-使用对象:中医爱好者
    
    ISBN 978-7-5308-8522-2(精装):CNY29.80
    本书以常用、常见的原则,精心挑选了120多种中草药材,每种药材从功效、释名、药用部分、形态特征、成品选鉴、实用妙方和中药趣味文化等10个方面进行介绍,并配以珍贵的古图、彩图和纯实物照片。
●
相关链接 在E读中查询图书 在五车中查询图书 在当当中查询图书 在豆瓣中查询图书


正题名:全彩精绘本《本草纲目》     索取号:R281.3/314         预约/预借

序号 登录号 条形码 馆藏地/架位号 状态 备注
1 847167   208471679   第二样本阅览室/ [索取号:R281.3/314] 在馆    
2 847168   208471688   密集书库-生命科学系/ [索取号:R281.3/314] 在馆    
3 847169   208471697   第三借阅区/ [索取号:R281.3/314] 在馆    
4 847170   208471704   第三借阅区/ [索取号:R281.3/314] 在馆    
唐山师范学院图书馆 欢迎您!
大连网信软件有限公司© 版权所有